OPAC Home

The Supreme Court Circular Containing Reports of Cases Decided ,and of Orders and Minutes Issued,by the Supreme Court 1880 (Record no. 82224)

MARC details
000 -LEADER
fixed length control field 00587nam a2200193Ia 4500
003 - CONTROL NUMBER IDENTIFIER
control field LK-CoDNM
005 - DATE AND TIME OF LATEST TRANSACTION
control field 20240920143622.0
008 - FIXED-LENGTH DATA ELEMENTS--GENERAL INFORMATION
fixed length control field 010623t1879 xxu||||| |||| 00| 1 eng d
040 ## - CATALOGING SOURCE
Original cataloging agency LK-CoDNM
Modifying agency LK-CoDNM
Description conventions LK-CoDNM
041 ## - LANGUAGE CODE
Language code of text/sound track or separate title English
080 ## - UNIVERSAL DECIMAL CLASSIFICATION NUMBER
Universal Decimal Classification number 15
Item number D2
942 ## - ADDED ENTRY ELEMENTS (KOHA)
Koha item type Books
100 ## - MAIN ENTRY--PERSONAL NAME
Personal name Dumbleton ,E.C.
700 ## - ADDED ENTRY--PERSONAL NAME
Personal name Templer,J.H.
Relator term editor
245 ## - TITLE STATEMENT
Title The Supreme Court Circular Containing Reports of Cases Decided ,and of Orders and Minutes Issued,by the Supreme Court 1880
260 ## - PUBLICATION, DISTRIBUTION, ETC. (IMPRINT)
Name of publisher, distributor, etc. William Henry
Place of publication, distribution, etc. Colombo
Date of publication, distribution, etc. 1879
300 ## - PHYSICAL DESCRIPTION
Other physical details xxxi, 203p. ,; 27 cm
650 ## - SUBJECT ADDED ENTRY--TOPICAL TERM
Topical term or geographic name as entry element Supreme Court
Holdings
Withdrawn status Lost status Damaged status Not for loan Collection code Permanent Location Current Location Shelving location Date acquired Full call number Barcode Koha item type
    Damaged   Old Books Collection Library National Museum Colombo - Sri Lanka Library National Museum Colombo - Sri Lanka Reference 2024-09-20 15 D2 OJP1157 Books
Copyright © 2023 Department of National Museum, Colombo 07, Sri Lanka Funded by UNESCO IFAP UNESCO